00440 2200169 4500001002100000005001500021008004100036035001900077041000700096082000800103090001400111100001600125245005100141260003100192300003000223650001700253INLIS00000000000343320241224112725241224||||||||| | ||| |||| || |  0010-1224003433 aid0 a813 a814 SET i0 aA. Setiawan00aMencintai Tuhan Berarti Mencintai Diri Sendiri aBogorbSurba Indah Mandiri a21x15 cm, 88 hlm.; ilus.: 0aKesusastraan